The discoverers / (Record no. 653)

MARC details
000 -LEADER
fixed length control field 01111cam a2200313 a 4500
005 - DATE AND TIME OF LATEST TRANSACTION
control field 20260322212028.0
008 - FIXED-LENGTH DATA ELEMENTS--GENERAL INFORMATION
fixed length control field data
010 ## - LIBRARY OF CONGRESS CONTROL NUMBER
LC control number 84040056
020 ## - INTERNATIONAL STANDARD BOOK NUMBER
International Standard Book Number 0394726251 (pbk.) :
Terms of availability {dollar}9.95
020 ## - INTERNATIONAL STANDARD BOOK NUMBER
International Standard Book Number 9780394726250 (pbk.) :
Terms of availability {dollar}9.95
040 ## - CATALOGING SOURCE
Original cataloging agency DLC
Transcribing agency DLC
Modifying agency DLC
050 00 - LIBRARY OF CONGRESS CALL NUMBER
Classification number CB69
Item number .B66 1985
051 ## - LIBRARY OF CONGRESS COPY, ISSUE, OFFPRINT STATEMENT
Classification number CB69
Item number .B66 1985 Copy 2
Copy information Copy 2. LC copy signed by the author.
082 00 - DEWEY DECIMAL CLASSIFICATION NUMBER
Classification number 909
Edition information 19
092 ## - LOCALLY ASSIGNED DEWEY CALL NUMBER (OCLC)
Classification number 909 B66 1985
001 - CONTROL NUMBER
control field data
100 1# - MAIN ENTRY--PERSONAL NAME
Personal name Boorstin, Daniel J.
Dates associated with a name 1914-2004.
Fuller form of name (Daniel Joseph),
245 14 - TITLE STATEMENT
Title The discoverers /
Statement of responsibility, etc. Daniel J. Boorstin & Daniel J. Boorstin Collection (Library of Congress).
250 ## - EDITION STATEMENT
Edition statement 1st Vintage Book ed.
260 ## - PUBLICATION, DISTRIBUTION, ETC.
Place of publication, distribution, etc. New York :
Name of publisher, distributor, etc. Vintage Books,
Date of publication, distribution, etc. 1985, c1983.
300 ## - PHYSICAL DESCRIPTION
Extent xvi, 745 p. ;
Dimensions 21 cm.
500 ## - GENERAL NOTE
General note Includes index.
504 ## - BIBLIOGRAPHY, ETC. NOTE
Bibliography, etc. note Bibliography: p. [685]-713.
650 #0 - SUBJECT ADDED ENTRY--TOPICAL TERM
Topical term or geographic name entry element Civilization
General subdivision History.
650 #0 - SUBJECT ADDED ENTRY--TOPICAL TERM
Topical term or geographic name entry element Discoveries in geography.
650 #0 - SUBJECT ADDED ENTRY--TOPICAL TERM
Topical term or geographic name entry element Science
General subdivision History.
710 2# - ADDED ENTRY--CORPORATE NAME
Corporate name or jurisdiction name as entry element Daniel J. Boorstin Collection (Library of Congress)
Institution to which field applies DLC
856 42 - ELECTRONIC LOCATION AND ACCESS
Materials specified Publisher description
Uniform Resource Identifier <a href="http://www.loc.gov/catdir/enhancements/fy0601/84040056-d.html">http://www.loc.gov/catdir/enhancements/fy0601/84040056-d.html</a>
Holdings
Withdrawn status Lost status Damaged status Not for loan Home library Current library Shelving location Date acquired Total checkouts Full call number Barcode Date last seen Price effective from Koha item type
        Centerville Centerville General stacks 22/03/2026   909 19 BC0010670 22/03/2026 22/03/2026 Books